[Event "GER-ch Net Amateur Gr-B Vor1"]
[Site "Playchess.com INT"]
[Date "2020.04.14"]
[Round "5"]
[White "Fenski, Matthias"]
[Black "Glock, Benjamin"]
[Result "1-0"]
[WhiteElo "1674"]
[BlackElo "1570"]
[PlyCount "131"]
[EventDate "2020.04.14"]
[EventType "swiss (blitz)"]
[EventRounds "9"]
[EventCountry "GER"]
[SourceTitle "EXT 2021"]
[Source "ChessBase"]
[SourceDate "2020.10.23"]
[SourceVersion "1"]
[SourceVersionDate "2020.10.23"]
[SourceQuality "1"]

1. c4 Nf6 2. g3 d5 3. cxd5 c6 4. dxc6 Nxc6 5. Bg2 e5 6. d3 Be6 7. Nc3 Bb4 8. Bd2 0-0 9. a3 Bc5 10. b4 Bb6 11. Na4 Nd4 12. Nxb6 Bb3 13. Qb1 Qxb6 14. Be3 Nc2+ 15. Qxc2 Bxc2 16. Bxb6 axb6 17. Nf3 e4 18. Nd4 exd3 19. Nxc2 dxc2 20. 0-0 Rfe8 21. e3 Ne4 22. Bxe4 Rxe4 23. Rfc1 Rc4 24. Ra2 Rac8 25. Kf1 b5 26. Ke2 f6 27. Kd2 Rd8+ 28. Ke2 Rdc8 29. Kd2 Rd8+ 30. Ke2 Ra8 31. Raxc2 Rxc2+ 32. Rxc2 Rxa3 33. Rc8+ Kf7 34. Rc7+ Kg6 35. Rxb7 Ra2+ 36. Kf3 Rb2 37. Rxb5 Rb3 38. h4 h5 39. g4 hxg4+ 40. Kxg4 Rb2 41. Rb8 Rxf2 42. b5 f5+ 43. Kg3 Rb2 44. b6 Rb3 45. Kf3 Rb4 46. b7 Kf7 47. h5 Kf6 48. Rf8+ Kg5 49. b8Q Rxb8 50. Rxb8 Kxh5 51. Kf4 g5+ 52. Kxf5 Kh4 53. Rh8+ Kg3 54. Kxg5 Kf3 55. Re8 Ke2 56. e4 Kd3 57. e5 Kd4 58. e6 Kd5 59. Kf6 Kd6 60. Rd8+ Kc5 61. e7 Kb4 62. e8Q Ka5 63. Rd7 Ka6 64. Qc8+ Kb5 65. Rb7+ Ka6 66. Qa8# 1-0

[Event "GER-ch Net Amateur Gr-B Vor1"]
[Site "Playchess.com INT"]
[Date "2020.04.14"]
[Round "9"]
[White "Homfeldt, Christopher"]
[Black "Glock, Benjamin"]
[Result "1-0"]
[WhiteElo "1680"]
[BlackElo "1570"]
[PlyCount "65"]
[EventDate "2020.04.14"]
[EventType "swiss (blitz)"]
[EventRounds "9"]
[EventCountry "GER"]
[SourceTitle "EXT 2021"]
[Source "ChessBase"]
[SourceDate "2020.10.23"]
[SourceVersion "1"]
[SourceVersionDate "2020.10.23"]
[SourceQuality "1"]

1. d4 Nf6 2. c4 e6 3. Nf3 c5 4. g3 Be7 5. Bg2 0-0 6. d5 d6 7. 0-0 exd5 8. cxd5 b5 9. a4 b4 10. Nbd2 Nbd7 11. Nc4 Re8 12. b3 Nb6 13. Ne1 Nxc4 14. bxc4 a5 15. Bb2 Bf5 16. e4 Nxe4 17. g4 Bg6 18. f4 Bf6 19. Bxf6 Qxf6 20. f5 Nc3 21. fxg6 Nxd1 22. Rxf6 gxf6 23. gxf7+ Kxf7 24. Rxd1 Re3 25. Nd3 b3 26. Kf2 Re7 27. Rb1 Rb8 28. Bf3 Rbe8 29. Rxb3 Kg6 30. Rb6 Re3 31. Nf4+ Kg5 32. Ne6+ Kg6 33. Kxe3 1-0

[Event "GER-ch Net Amateur Gr-B Vor1"]
[Site "Playchess.com INT"]
[Date "2020.04.14"]
[Round "1"]
[White "Kempe, Caius Emilian"]
[Black "Glock, Benjamin"]
[Result "1-0"]
[WhiteElo "1683"]
[BlackElo "1570"]
[PlyCount "83"]
[EventDate "2020.04.14"]
[EventType "swiss (blitz)"]
[EventRounds "9"]
[EventCountry "GER"]
[SourceTitle "EXT 2021"]
[Source "ChessBase"]
[SourceDate "2020.10.23"]
[SourceVersion "1"]
[SourceVersionDate "2020.10.23"]
[SourceQuality "1"]

1. b3 Nf6 2. Bb2 d5 3. e3 c5 4. f4 Nc6 5. Nf3 Bg4 6. Be2 e6 7. 0-0 Be7 8. h3 Bxf3 9. Bxf3 0-0 10. Kh1 Qd7 11. d3 Rad8 12. Nd2 Rfe8 13. g4 Qc7 14. Qe2 e5 15. f5 d4 16. e4 Nb4 17. Nc4 b5 18. Na3 a6 19. Rg1 c4 20. bxc4 bxc4 21. Nxc4 Nd7 22. a3 Nc6 23. Bc1 Nc5 24. Bd2 Bh4 25. g5 f6 26. g6 h6 27. Rgb1 Bg5 28. Bxg5 hxg5 29. a4 Rb8 30. Qd2 Kf8 31. a5 Ke7 32. Nb6 Rbd8 33. Nd5+ Rxd5 34. exd5 Na7 35. Rb6 Nb5 36. Qb4 Rh8 37. Kg2 g4 38. Bxg4 e4 39. dxe4 Rd8 40. Rc6 Qd7 41. Qxc5+ Ke8 42. Re6+ 1-0